Gaming Quiz

Random Gaming or Video Games Quiz

Video Games by Water Quiz Stats

 Plays Quiz Updated Aug 21, 2014

Support Sporcle.
Go Orange.
Score 0/25 Timer 05:00
7 Plays Today
% Correct
Super Mario Bros.
94.3%
Minecraft
92.3%
Crash Bandicoot
83.2%
Bioshock
75.6%
The Elder Scrolls V: Skyrim
74.1%
Halo: 3
61.3%
Grand Theft Auto V
59.4%
Half-Life 2
58.3%
Tomb Raider III
57.5%
The Legend of Zelda: Wind Waker
55.2%
The Last of Us
50.7%
Pokémon Diamond and Pearl
45%
Metal Gear Solid 2: Sons of Liberty
39.8%
% Correct
Amnesia: The Dark Descent
33.4%
Dishonored: The Brigmore Witches
32.5%
Metroid Prime 2: Echoes
32.1%
Rayman Legends
30.2%
Crysis
29.8%
Civilization II
29.7%
Myst
27.2%
Monster Hunter Tri
25.1%
Sega Bass Fishing
21.3%
Runescape
20.8%
The Witness
9%
Atlantis
3.9%

You're not logged in!

Compare scores with friends on all Sporcle quizzes.
OR
Log In

From the Vault

The Tudor Monarchs of England

by DanielS

House of Tudor is much more well known than the House of Fourdoor
Remove Ads.
Support Sporcle.
Get the best of Sporcle when you Go Orange. This ad-free experience offers more features, more stats, and more fun while also helping to support Sporcle. Thank you for becoming a member.

Show Comments

Extras

Top Quizzes Today


Score Distribution

Your Account Isn't Verified!

In order to create a playlist on Sporcle, you need to verify the email address you used during registration. Go to your Sporcle Settings to finish the process.

Report this User

Report this user for behavior that violates our Community Guidelines.

Details: